Výskum spotrebiteľských preferencií v maloobchode Košického a Prešovského kraja
Predpoklad úspešného pôsobenia podnikateľských subjektov na trhu - poznanie spotrebiteľa a jeho potrieb. Výskum spotrebiteľských preferencií na vzorke 934 respondentov Košického a Prešovského kraja. Respondenti boli oslovení prostredníctvom dotazníkov.
Salvato in:
| Autore principale: | |
|---|---|
| Natura: | Capitolo di libro |
| Lingua: | slovacco |
| Soggetti: | |
| Tags: |
Nessun Tag, puoi essere il primo ad aggiungerne!!
|
MARC
| LEADER | 00000naa a2200000 4500 | ||
|---|---|---|---|
| 001 | r030797 | ||
| 005 | 20230607100148.5 | ||
| 041 | 0 | |a slo | |
| 044 | |a CZ | ||
| 245 | 1 | 0 | |a Výskum spotrebiteľských preferencií v maloobchode Košického a Prešovského kraja |c Vanda Lieskovská |
| 520 | |a Predpoklad úspešného pôsobenia podnikateľských subjektov na trhu - poznanie spotrebiteľa a jeho potrieb. Výskum spotrebiteľských preferencií na vzorke 934 respondentov Košického a Prešovského kraja. Respondenti boli oslovení prostredníctvom dotazníkov. | ||
| 610 | 2 | 0 | |a prieskum spotrebiteľský |
| 610 | 2 | 0 | |a spotrebitelia |
| 610 | 2 | 0 | |a maloobchod |
| 610 | 2 | 0 | |a marketing |
| 610 | 2 | 0 | |a segmentácia trhu |
| 610 | 2 | 0 | |a muži |
| 610 | 2 | 0 | |a ženy |
| 610 | 2 | 0 | |a príjmy obyvateľstva |
| 610 | 2 | 0 | |a domácnosti |
| 610 | 2 | 0 | |a Košický kraj |
| 610 | 2 | 0 | |a Prešovský kraj |
| 100 | 1 | |a Lieskovská, Vanda, 1961- | |